Регионална библиотека "Любен Каравелов" - Русе

Буквар по нагледногласната метода (Запис номер 329766)

MARC детайли
000 -Лидер
Контролно поле с фиксирана дължина nam a22 a 4500
003 - Код на организацията, давaща контролен номер
Контролно поле BLK
005 - Дата и час на последна редакция
Контролно поле 20201015162313.0
008 - Елементи от данни с фиксирана дължина
fixed length control field 190401b bu ||||| |||| 00| 0 bu d
040 ## - Източник на каталожния запис
Идентификатор на билиотеката - собственик на записа BLK
041 ## - Код за език
Код за езика на текст/звукозапис или на отделно заглавие Български
Код за езика КДБФ Български
080 ## - УДК
Текстов определител УДК Форми на предучилищно възпитание
УДК код - определител по УДК 373.2
УДК определител (075)
УДК - код + определител 373.2(075)
100 ## - Редна дума - Автор
R(LIN) 1478
Автор Припрянов, А. Д.
Авторска отговорност състав.
139 ## - Редно поле
Редна дума Припрянов, А. Д.
Авторски знак Прил - П 88
245 ## - Сведения за заглавието
Заглавие Буквар по нагледногласната метода
Подзаглавни данни С нужните вътре картинки
Редно поле (дума) Състав. А. Д. Припрянов
250 ## - Област на изданието
Сведения за изданието 5. изд.
260 ## - Област на издателските данни
Място на издаване, разпространение и проч. Варна
Име на издателя, разпространителя и проч. Книж. А. В. Велчев
Година на издаване 1895
Печатница (Варна : Л. Нитче)
300 ## - Физическа характеристика
Страници 40 с. : с ил.
Размери/Мащаб 22 см
380 ## - Жанр
Жанр Обществени науки
490 ## - СЕРИИ (Колекции)
9 (RLIN) 435080
Име на серия Колекция Редки и ценни издания
500 ## - Общи забележки
Забележка Без сведение за 1. изд.
852 ## - Местоположение
Форматна сигнатура Рб 895
Фондова буква Редки и ценни
999 ## - СИСТЕМНИ КОНТРОЛНИ НОМЕРА
Koha biblionumber 329766
Koha biblioitemnumber 329766
942 ## - АРТИКУЛИ
Източник на класификационната схема Universal Decimal Classification
Вид на библиотечния материал Книги
Скрит в OPAC Не
Периодичен библиозапис Да
999 ## - СИСТЕМНИ КОНТРОЛНИ НОМЕРА
Koha biblioitemnumber 329766
999 ## - СИСТЕМНИ КОНТРОЛНИ НОМЕРА
Koha biblioitemnumber 329766
Наличности
Код за отписване Код за изгубен артикул Източник на класификационната схема Код за повреда Коз за рестрикции Код за отдаване Артикулен № Име на библиотеката - собственик Име на библиотеката, в която се намира в момента Статус (Текущо местоположение) Дата на вписване в системата Местоположение - отдел Цена в лева Инвентарен номер Систематично азбучна сигнатура Баркод Цена в евро Служебен тип на артикула
  Не е изгубен Universal Decimal Classification Не е повреден само за читалня Специални фондове ( старопечатни, редки и ценни, фонд М. Арнаудов) 697150 Регионална библиотека "Любен Каравелов" Русе Регионална библиотека "Любен Каравелов" Русе Редки и ценни 2019-04-02 Редки и ценни 3.00 506134 Рб 895 120000506134 1.53 Книги
Vip Innovations Ltd, Rousse, Bulgaria 2025